Flat proposals put focus on guidance (Record no. 74738)
[ view plain ]
| 000 -LEADER | |
|---|---|
| fixed length control field | 01189cab a2200229 4500 |
| 001 - CONTROL NUMBER | |
| control field | ABS68640 |
| 008 - FIXED-LENGTH DATA ELEMENTS--GENERAL INFORMATION | |
| fixed length control field | 050124n2005 000 0 eng u |
| 035 ## - SYSTEM CONTROL NUMBER | |
| System control number | (Sirsi) u128582 |
| 100 ## - MAIN ENTRY--PERSONAL NAME | |
| Personal name | Smulian, J. |
| 245 ## - TITLE STATEMENT | |
| Title | Flat proposals put focus on guidance |
| 260 ## - PUBLICATION, DISTRIBUTION, ETC. | |
| Date of publication, distribution, etc. | 2005 |
| 490 ## - SERIES STATEMENT | |
| Series statement | Planning (for the Natural and Built Environment) |
| Volume/sequential designation | (1601) 7 January 2005, 14-15(2) |
| 520 ## - SUMMARY, ETC. | |
| Summary, etc. | Looks at an increasing trend where older houses are gradually being replaced by apartment developments, a trend reinforced by government demands for higher densities on brownfield sites. Objections to relatively small flat developments are twofold: increased density puts pressure on parking, services and amenities and too many blocks of flats replacing houses in a given area can permanently alter the area's streetscape and character. Reviews developments across the country and features how Solihull has used supplementary planning guidance to improve redevelopment proposals. |
| 590 ## - LOCAL NOTE (RLIN) | |
| Local note | ABS |
| 650 ## - SUBJECT ADDED ENTRY--TOPICAL TERM | |
| Topical term or geographic name entry element | HIGH DENSITY HOUSING |
| 650 ## - SUBJECT ADDED ENTRY--TOPICAL TERM | |
| Topical term or geographic name entry element | BROWNFIELD SITES |
| 650 ## - SUBJECT ADDED ENTRY--TOPICAL TERM | |
| Topical term or geographic name entry element | SUSTAINABLE DEVELOPMENT |
| 650 ## - SUBJECT ADDED ENTRY--TOPICAL TERM | |
| Topical term or geographic name entry element | SOLIHULL |
| 650 ## - SUBJECT ADDED ENTRY--TOPICAL TERM | |
| Topical term or geographic name entry element | FLATS |
| 690 ## - LOCAL SUBJECT ADDED ENTRY--TOPICAL TERM (OCLC, RLIN) | |
| Topical term or geographic name as entry element | HOUSING-DEVELOPMENT |
| 942 ## - ADDED ENTRY ELEMENTS (KOHA) | |
| Suppress in OPAC | 0 |
| Withdrawn status | Lost status | Source of classification or shelving scheme | Damaged status | Not for loan | Home library | Current library | Shelving location | Date acquired | Total Checkouts | Full call number | Barcode | Date last seen | Copy number | Price effective from | Koha item type |
|---|---|---|---|---|---|---|---|---|---|---|---|---|---|---|---|
| Dewey Decimal Classification | London | London | Journal article | 24/01/2005 | ABS68640 | 128582-1001 | 06/08/2019 | 1 | 06/08/2019 | Journal article |